| 000 | 00572nam a2200193 a 4500 | ||
|---|---|---|---|
| 001 | 1161 | ||
| 003 | CDMR | ||
| 005 | 20131018173228.0 | ||
| 008 | 130130s1973||||||||||||||||||||||||||||d | ||
| 020 | _a8431303166 | ||
| 040 |
_aCDMR _bcat _cCPC GIRONA |
||
| 100 | 1 |
_aNieto, Alfonso _9279 |
|
| 245 | 1 | 3 |
_aLa empresa periodística en España _cAlfonso Nieto Tamargo |
| 260 |
_c1973 _bUniversidad de Navarra _aPamplona : |
||
| 300 |
_a258 p. _bgraf. |
||
| 490 | 0 |
_aManuales de Ciencias de la Información _v6 |
|
| 650 | 0 | 4 |
_94120 _aEmpreses periodístiques _zEspanya |
| 942 |
_cMON _2ddc |
||
| 999 |
_c1161 _d1161 |
||